00633 2200205 4500245004600000250001000046100001900056700001700075700001900092700001900111650002100130650002600151005001900177260007600196041001400272084001000286300002800296500009400324336000900418 aEden Nang Baik AteycAndri MulyantohText acet.1 aAndri mulyanto aAjah Saputra aNovaro Christi aSandy Ramadhan aCerita Bergambar aCerita Anak Dwibahasa a20241003112853 aJakartabKementerian Pendidikan, Kebudayaan, Riset, dan Teknologic2023 aIndonesia a741.5 a12 hlm :c29,7 cm pdf p aCerita Anak Dwibahasa Kalimantan Tengah dalam Bahasa (Daerah) Sampit dan Bahasa Indonesia atext